[Event "Belgrade Premier League"]
[Site "Belgrade"]
[Date "2021.10.12"]
[Round "11.2"]
[White "Srdanovic, Stefan"]
[Black "Djurasevic, Branislav"]
[Result "0-1"]
[WhiteElo "1646"]
[BlackElo "2039"]
[PlyCount "90"]
[EventDate "2021.10.01"]
[EventType "team-tourn"]
[EventRounds "11"]
[EventCountry "SRB"]
[SourceTitle "CBM 204 Extra"]
[Source "ChessBase"]
[SourceDate "2021.11.30"]
[SourceVersion "1"]
[SourceVersionDate "2021.11.30"]
[SourceQuality "1"]
[WhiteTeam "Belgrade"]
[BlackTeam "Mirijevo"]
[WhiteTeamCountry "SRB"]
[BlackTeamCountry "SRB"]

1. e4 c5 2. Nc3 Nc6 3. Bb5 g6 4. f4 Bg7 5. Bxc6 dxc6 6. Nf3 c4 7. a4 b5 8. axb5 Bxc3 9. bxc3 cxb5 10. 0-0 Bg4 11. h3 Qb6+ 12. Kh1 Bxf3 13. Qxf3 Qc6 14. e5 Qxf3 15. Rxf3 h5 16. Ra5 a6 17. d3 Nh6 18. dxc4 bxc4 19. Rc5 Kd7 20. Rxc4 Rhc8 21. Rd3+ Ke6 22. Rcd4 Nf5 23. Rd7 Rxc3 24. Rxe7+ Nxe7 25. Rxc3 Rc8 26. Rxc8 Nxc8 27. g4 hxg4 28. hxg4 Nb6 29. Kg2 Nc4 30. Kg3 a5 31. Kf3 Kd5 32. e6 fxe6 33. f5 exf5 34. gxf5 gxf5 35. Bh6 a4 36. Bg7 a3 37. Kf4 a2 38. Kxf5 Ne3+ 39. Kf4 Nxc2 40. Bb2 Kc4 41. Ke4 Kb3 42. Bg7 Nb4 43. Ba1 Kc2 44. Kd4 Nd3 45. Kc4 Nb2+ 0-1

[Event "Belgrade-chT Premier"]
[Site "Belgrade"]
[Date "2017.09.25"]
[Round "7.2"]
[White "Djurasevic, Branislav"]
[Black "Krstic, Milos M"]
[Result "0-1"]
[WhiteElo "2095"]
[BlackElo "2066"]
[PlyCount "70"]
[EventDate "2017.09.18"]
[EventType "team"]
[EventRounds "9"]
[EventCountry "SRB"]
[SourceTitle "EXT 2018"]
[Source "ChessBase"]
[SourceDate "2017.10.13"]
[SourceVersion "1"]
[SourceVersionDate "2017.10.13"]
[SourceQuality "1"]
[WhiteTeam "Mirijevo"]
[BlackTeam "Delfin"]
[WhiteTeamCountry "SRB"]
[BlackTeamCountry "SRB"]

1. e4 e5 2. Nc3 Nf6 3. g3 d5 4. exd5 Nxd5 5. Bg2 Nxc3 6. bxc3 Bd6 7. Ne2 0-0 8. 0-0 Nd7 9. d3 c6 10. f4 Re8 11. Rb1 Qc7 12. f5 Nf6 13. Bg5 Be7 14. h3 b6 15. c4 Nd7 16. Qd2 Bxg5 17. Qxg5 h6 18. Qh4 Bb7 19. Nc3 Qd8 20. Qxd8 Raxd8 21. Nb5 cxb5 22. Bxb7 bxc4 23. dxc4 Nc5 24. Bc6 Re7 25. Rbd1 Rc8 26. Bd5 Nd7 27. Rf2 Nf6 28. Rfd2 Ne8 29. Rf2 Nf6 30. Re2 Rc5 31. Kf2 b5 32. Red2 bxc4 33. Bxc4 e4 34. Rd8+ Kh7 35. Bb3 h5 0-1

[Event "Belgrade-chT"]
[Site "Belgrade"]
[Date "2014.10.25"]
[Round "7"]
[White "Rodic, Dragan"]
[Black "Djurasevic, Branislav"]
[Result "1/2-1/2"]
[WhiteElo "2028"]
[BlackElo "2121"]
[PlyCount "28"]
[EventDate "2014.10.04"]
[EventType "team-tourn"]
[EventRounds "13"]
[EventCountry "SRB"]
[SourceTitle "EXT 2015"]
[Source "ChessBase"]
[SourceDate "2014.11.20"]
[SourceVersion "1"]
[SourceVersionDate "2014.11.20"]
[SourceQuality "1"]

1. d4 Nf6 2. c4 e6 3. Nf3 b6 4. Nc3 Bb4 5. Qb3 a5 6. Bg5 h6 7. Bxf6 Qxf6 8. a3 Bxc3+ 9. Qxc3 Bb7 10. g3 c5 11. dxc5 Qxc3+ 12. bxc3 Bxf3 13. exf3 bxc5 14. Rb1 Nc6 1/2-1/2

[Event "Belgrade-chT Quality"]
[Site "Belgrade"]
[Date "2009.10.11"]
[Round "1"]
[White "Djurasevic, Branislav"]
[Black "Skaric, D Sava"]
[Result "0-1"]
[WhiteElo "2163"]
[BlackElo "2105"]
[PlyCount "64"]
[EventDate "2009.10.11"]
[EventType "team-tourn"]
[EventRounds "11"]
[EventCountry "YUG"]
[SourceTitle "CBM 133 Extra"]
[Source "ChessBase"]
[SourceDate "2010.01.05"]
[SourceVersion "1"]
[SourceVersionDate "2010.01.05"]
[SourceQuality "1"]

1. e4 e5 2. Nc3 Bc5 3. Nf3 d6 4. d4 exd4 5. Nxd4 Ne7 6. Be3 0-0 7. Qh5 Nd7 8. 0-0-0 a6 9. Kb1 Nf6 10. Qe2 Qe8 11. Bg5 Nd7 12. Bxe7 Qxe7 13. Nd5 Qd8 14. Nf5 Re8 15. f4 Nf6 16. Nxf6+ Qxf6 17. g4 Bxf5 18. gxf5 Re7 19. Qf3 Rae8 20. Bd3 b5 21. h4 Ba7 22. h5 h6 23. c3 c5 24. Ka1 c4 25. Bb1 a5 26. Rd2 b4 27. Rg2 bxc3 28. Qxc3 Bd4 29. Qxc4 Rb7 30. Rhh2 Reb8 31. e5 dxe5 32. Rg6 Rxb2 0-1